00958nam a2200241 i 4500001000700000003000900007005001700016007000300033008004100036080002300077110002200100245007900122246007300201260006600274300002100340505012000361530003500481610002200516700002400538852002400562852004100586856008900627105115ES-MaACL20230906183804.0t|021118s1860 sp ||||1| spa d a061.22(460.235 B.)2 aAteneo Catalán.11aActa de la sesión celebrada para la constitución del Ateneo Catalán.3 aDiscurso escrito para el acto de constitución del Ateneo Catalán aBarcelona : b[s.n.], c1860 (fImp. del Diario de Barcelona) a32 p. ; c22 cm.8 aContiene: Discurso escrito para el acto de constitución del Ateneo Catalán / por D. Ramón Anglasell (p.13-32) aDisponible en formato digital.24aAteneo Catalán.1 aAnglasell, Ramón.4 aES-MaACLjT-54-F-144 aES-MaACLjT-63-F-6 z- Falto de cub.4 uhttp://bdh-rd.bne.es/viewer.vm?id=0000149073&page=1 zBiblioteca Digital Hispánica